[Event "Vienna Millenium"]
[Site "Vienna"]
[Date "1996.08.13"]
[Round "5"]
[White "Kortschnoj, Viktor Lvovich"]
[Black "Kramnik, Vladimir"]
[Result "0-1"]
[WhiteElo "2635"]
[BlackElo "2765"]
[Annotator "Kortschnoj,V"]
[PlyCount "84"]
[EventDate "1996.08.09"]
[EventType "tourn"]
[EventRounds "9"]
[EventCountry "AUT"]
[EventCategory "18"]
[SourceTitle "CBM 055"]
[Source "ChessBase"]
[SourceDate "1996.12.01"]
[SourceVersion "1"]
[SourceVersionDate "1996.12.01"]
[SourceQuality "1"]

1. Nf3 d5 2. b3 c5 3. e3 {3.Lb2? f6!=+ Petrosyan-Fisher,Buenos-Aires 1971} Nf6
4. Bb2 e6 5. c4 dxc4 $6 (5... Nc6) (5... Be7) 6. bxc4 $14 (6. Bxc4 $14) 6...
Nc6 7. Be2 Be7 8. O-O O-O 9. Qc2 b6 10. a3 Bb7 11. Ng5 (11. Nc3 Rc8 12. Ng5 h6
13. Nge4 $14) 11... h6 12. Nh3 (12. Bxf6 hxg5 13. Bxe7 Qxe7 $10) 12... Rc8 13.
d3 Rc7 (13... Ne8 $5 14. Nf4 Bd6) 14. f4 $6 (14. Nc3 $14) 14... Ne8 $1 15. f5 (
15. Nc3 f5 $13 (15... Nd6 $5)) 15... Bg5 $5 (15... Bf6 16. Nc3 $14) (15... e5
$2 16. Nc3 $16) 16. Nxg5 (16. Rf3 $142) 16... Qxg5 17. Rf3 (17. e4 $6 Qe3+ 18.
Kh1 Nd4 19. Bxd4 cxd4 20. Rf3 Qg5 21. Nd2 $15) 17... Ne7 (17... Ne5 $6 18. Rg3
Qxf5 19. Nc3 Nc6 20. Rf1 Qh7 21. Bh5 $44) (17... exf5 $1 18. Nd2 (18. Nc3 Ne5
19. Rg3 Ng4 $17) 18... Qe7 19. Nf1 Nd6 20. Rg3 f6 21. Bh5 f4 22. exf4 Nf5 $15)
18. e4 exf5 19. Rg3 Qh4 (19... Qf4 20. Nc3 fxe4 21. dxe4 (21. Rf1 $2 exd3 22.
Bxd3 Qd4+ 23. Kh1 Qd8 $17) 21... Rd7 22. Nd5 $44) 20. Nc3 (20. Nd2 Nc6 21. Nf3
Qf4 (21... Qe7 22. exf5 $14) 22. Rf1 fxe4 23. dxe4 Qd6 24. e5 $44) 20... fxe4
21. dxe4 (21. Rg4 exd3 22. Qd2 Qf6 23. Nb5 Qe6 24. Nxc7 Qxe2 25. Qxe2 dxe2 26.
Nxe8 Rxe8 27. Rxg7+ Kf8 28. Rh7 Ng6 29. Re1 Re4 $15) 21... Ng6 22. Nd5 Bxd5 23.
exd5 $44 Nd6 24. Rf1 (24. Bd3 Re7 25. Bxg6 fxg6 26. Qxg6 Nf5 27. Rf3 Re1+ 28.
Rf1 Rxa1 29. Bxa1 Qxc4 30. Rxf5 Qc1+ 31. Kf2 Rxf5+ 32. Qxf5 Qxa1 33. Qe6+ Kf8
$10) 24... Re8 25. Bd3 Ne5 26. a4 Rce7 (26... a6 $5) 27. Rh3 Qg4 28. Rg3 $10
Qh4 29. Rh3 Qg4 30. Rg3 Qd7 31. Qd2 Ng6 32. Qc3 Ne5 33. Qc1 f6 $6 34. Bxe5 $4 (
34. Bb1 $1 f5 $1 $8 (34... Ndf7 $2 35. Qc2 Ng5 36. h4 $18) (34... Kf7 35. Qd1
$1 $40) (34... Kh8 $2 35. Rxf6 Nf3+ 36. Rgxf3 Re1+ 37. Rf1 Rxc1 38. Rxh6+ Kg8
39. Bh7+ Kh8 40. Rxc1 Qd8 41. Bf5+ Kg8 42. Be6+ $16) 35. Qxh6 Nexc4 36. Bf6 Rf7
37. h3 Nd2 $1 (37... Re2 $6 38. Rxf5 Re1+ 39. Kh2 Nd2 40. Bxg7 Rxg7 41. Rxg7+
Qxg7 42. Qxd2 $16) 38. Bxg7 Rxg7 39. Rxg7+ Qxg7 40. Qxd2 $14) 34... fxe5 35.
Qxh6 e4 $19 36. Qh5 (36. Qg6 exd3 37. Rh3 Qxh3 $1 38. gxh3 d2 $19) 36... Re5 (
36... exd3 $1 37. Rh3 Qxh3 38. Qxh3 d2 $19) 37. Qg6 exd3 38. Rh3 Rf5 $6 (38...
Qxh3 $19) 39. Qh7+ Kf8 40. Rxf5+ $2 (40. Rhf3 $142) 40... Nxf5 41. Rf3 Re5 42.
g4 d2 0-1

[Event "Vienna Millenium"]
[Site "Vienna"]
[Date "1996.08.14"]
[Round "6"]
[White "Kramnik, Vladimir"]
[Black "Polgar, Judit"]
[Result "1-0"]
[WhiteElo "2765"]
[BlackElo "2665"]
[Annotator "Hazai,L"]
[PlyCount "87"]
[EventDate "1996.08.09"]
[EventType "tourn"]
[EventRounds "9"]
[EventCountry "AUT"]
[EventCategory "18"]
[SourceTitle "CBM 055"]
[Source "ChessBase"]
[SourceDate "1996.12.01"]
[SourceVersion "1"]
[SourceVersionDate "1996.12.01"]
[SourceQuality "1"]

1. Nf3 {HarZvi} Nf6 2. c4 g6 3. Nc3 Bg7 4. e4 d6 5. d4 O-O 6. Be2 e5 7. O-O Nc6
8. d5 Ne7 9. b4 {HarZvi: this line becomes very popular lately,probably
because it has not been analysed as much as all other lines 9.Ne1,9.Nd2, but
still it is a very interesting line which goes direct for the c5 break} Nh5 (
9... a5 {HarZvi}) 10. Re1 {HarZvi: this is a very new move played first in 95
according to my data but here too the main line was 10.g3 which was analysed
very deeply} f5 (10... h6 {HarZvi} 11. Nd2 Nf4 12. Bf1 f5 (12... c6 13. dxc6 (
13. a4 $5 Kh8 14. a5 cxd5 15. cxd5 f5 16. Nc4 g5 17. b5 Rf6 18. b6 a6 19. Qb3
Rg6 20. Ba3 $16 {Piket,J-Xie Jun Monaco rapid 1996}) 13... Nxc6 (13... bxc6 14.
Ba3 $14) 14. a3 a5 15. Rb1 axb4 16. axb4 Nd4 17. Nb3 Nfe6 18. Nb5 Bd7 (18...
Nxb5 $6 19. cxb5 b6 20. Rb2 $1 $16) 19. N3xd4 Nxd4 $1 (19... exd4 $6 20. Na3 $1
Ba4 21. Qd2 $16) 20. Nxd4 exd4 21. Bf4 g5 $6 (21... Be5 22. Bg3 Qf6 $10) 22.
Bg3 $14 {Lalic,B-Atalik,S Hastings 1995 65/(579) [Lalic,B]}) 13. c5 g5 (13...
fxe4 14. cxd6 cxd6 15. Ndxe4 Nf5 16. g3 Nh5 $13 {/+/= Tunik,G-Fedorov,V
Vladivostok 1995}) 14. cxd6 cxd6 15. Nc4 g4 16. b5 Rf6 17. Qb3 Kh7 $6 (17...
Kh8 $14) 18. b6 a6 19. Ba3 $16 {Sokolov,I-Van Wely,L Nederland (ch) 1995 64/
552 [Sokolov,I]}) (10... Nf4 {HarZvi} 11. Bf1 Bg4 (11... h6 12. Nd2 {
transposes to 10...h6}) (11... f5 $6 12. Bxf4 $1 exf4 13. e5 dxe5 (13... g5 14.
Nxg5 dxe5 15. c5 $1 h6 16. Bc4 $1 hxg5 17. d6+ Kh8 18. dxe7 Qxe7 19. Nd5 $16 {
Lalic,B-Gicev,B Skopje 1995 65/(579)}) 14. Nxe5 a5 {Komarov,D-Oral,T
Leeuwarden 1995 65/(579)} 15. c5 $1 axb4 16. Bc4 $16) 12. h3 Bxf3 13. Qxf3 f5
14. Qd1 $1 fxe4 (14... Qe8 15. exf5) 15. Nxe4 h6 (15... Nf5 $2 16. g3 Nh5 17.
g4) 16. Rb1 $1 Qd7 17. Qg4 $1 $16 {Tukmakov,V-Cvitan,O Zurich 1995 65/579 
[Tukmakov,V]}) 11. Ng5 Nf6 (11... Nf4 {HarZvi} 12. Bxf4 exf4 13. Rc1 Kh8 {
Sokolov,I-Wiersma,E Nederland (ch) 1995 64/551 [Sokolov,I]} (13... a5 14. b5
Bf6 15. Ne6 Bxe6 16. dxe6 Bxc3 17. Rxc3 fxe4 18. Bg4 $14 {/+/- Tukmakov,V-Rupp,
M Portoroz 1996}) 14. Bf3 $1 a5 (14... Nxd5 15. Nxd5 Qxg5 16. Nxc7 Rb8 17. Qxd6
Rd8 18. Ne6 $16) 15. b5 {with Ne6}) 12. Bf3 {This is a new plan here with the
idea of Ne6 after which the bishop on f3 is rather well-placed. The
traditional 12.f3 leads to a complicated struggle with temporarily pawn
sacrifice after Ne6. Black has no standard attack on the kingside, White gets
the initiative, and Black has to make some ugly defensive moves.
Psychologically this is not very easy for most of the attacking Kings Indian
players.} (12. f3 {HarZvi} c6 $1 {HarZvi: this is white's problem after 12.f3
that is way in recent games we only see 12.Bf3} (12... Kh8 $6 13. Be3 Neg8 (
13... Bh6 14. Nf7+ Rxf7 15. Bxh6) 14. c5 Bh6 15. exf5 $1 gxf5 16. f4 $16 {
Piket,J-Polgar,J Aruba (m/3) 1995 65/578 [Piket,J]}) 13. Kh1 (13. Be3 Bh6 $1
14. Bd2 cxd5 15. cxd5 fxe4 16. fxe4 Qb6+ {1-2/1-2 Panno,O-Ricardi,P Boenos
Aires Najdorf 1995}) 13... h6 14. Ne6 Bxe6 15. dxe6 Ne8 16. Qb3 Nc7 17. Be3 Kh7
18. c5 d5 19. exd5 cxd5 20. Rad1 d4 $13 {Degraeve,JM-Howell,J/ Groningen (open)
1995/ 1/2-1/2 (42)}) 12... Kh8 (12... fxe4 {HarZvii: Two rounds before Keamnik
played this variation against Gelfand who played 12...fxe4 although the game
ended in a draw Kramnik got a nice position out of the opening}) (12... c6 13.
Bb2 $1 {White is preparing for an open struggle in the centre, which is a bit
unusual here.} (13. Qb3 h6 14. Ne6 Bxe6 15. dxe6 fxe4 16. Nxe4 Nxe4 17. Bxe4
Rf6 18. Bb2 (18. b5 Qc8 $1 $15 {Dautov}) 18... Rxe6 19. Rad1 Qc7 20. Qh3 Rf6
21. f4 Rxf4 22. Qe6+ Kh7 23. Qxd6 Rc8 $10 {Astrom-Relange, Yerevan (ol) 1996})
13... h6 (13... cxd5 14. exd5 (14. cxd5 fxe4 15. Ngxe4 (15. Ncxe4 Nxe4 16. Nxe4
{-> 15.Nge4} (16. Bxe4 h6 17. Ne6 Bxe6 18. dxe6 d5 19. Bc2 Qd6)) 15... Nxe4 16.
Nxe4 Nf5 17. a4 Nh4 18. Be2 Bf5 19. Bd3 Rc8 20. a5 a6 21. Rc1 $14 {I.
Sokolov-Temirbaev, Yerevan (ol) 1996}) 14... e4 15. Be2 {is better for White
according to Dautov.}) (13... Kh8 {-> 12...Kh8}) 14. Ne6 Bxe6 15. dxe6 fxe4 16.
Bxe4 $1 (16. Nxe4 Nxe4 17. Rxe4 {Dautov,R-Kindermann,S Nussloch 1996} (17. Bxe4
$6 d5 $1) 17... Nf5 18. b5 Rc8 19. Re2 Re8 20. bxc6 bxc6 21. c5 d5 22. Bxe5
Bxe5 23. Rxe5 Qf6 {1/2 Dautov-Kindermann, Nussloch 1996}) 16... d5 (16... Nxe4
17. Nxe4 d5 18. Nc5 $1 $16) 17. cxd5 cxd5 18. Bc2 Qd6 19. Bb3 Qxe6 20. Na4 e4
21. Nc5 Qf5 22. f3 Kh7 23. fxe4 Nxe4 24. Bxg7 Qf2+ 25. Kh1 Kxg7 26. Ne6+ $16 {
Tukmakov-Hulak, Yerevan (ol) 1996}) (12... fxe4 {HarZvi} 13. Ngxe4 Nf5 14. Bg5
Nd4 15. Nb5 Nxf3+ 16. Qxf3 Bf5 17. Qb3 Bxe4 18. Rxe4 Qd7 19. Bxf6 Rxf6 20. Rae1
$14 {/+/- Kramnik,V-Gelfand,B Vienna 1996}) 13. Bb2 a5 (13... c6 14. Qb3 cxd5
15. cxd5 fxe4 16. Ncxe4 Nfxd5 (16... Nxe4 17. Bxe4) 17. Nxd6 Qxd6 18. Rad1 Rxf3
19. Qxf3 Be6 20. Qf7 $1 $16) 14. b5 $1 Rb8 (14... b6 15. exf5 gxf5 16. Ne6 Bxe6
17. dxe6 e4 18. Bh5 Nxh5 19. Qxh5 Qc8 20. Nxe4 $1 $16) 15. Ne6 Bxe6 16. dxe6
Ne8 (16... f4 17. c5 dxc5 18. Na4 $16) (16... Qc8 {HarZvi} 17. Nd5) 17. Qb3 c5
(17... Qc8 18. c5 dxc5 19. Na4 (19. Rad1 {HarZvi} Nd6 20. b6 {HarZvi: with
more than a very good compensation for the pawn}) 19... b6 20. exf5 Nxf5 21.
Bxe5 $16) 18. exf5 gxf5 (18... Nxf5 19. Nd5 Nc7 20. Nxc7 Qxc7 21. b6 Qe7 22.
Bd5 $16) (18... Nxf5 {HarZvi}) 19. Bh5 {HarZvi: with more than a very good
compensation for the pawn} Nc7 20. Bf7 Qc8 21. Nd5 Ncxd5 22. cxd5 $16 f4 (22...
b6 23. f4) 23. Bh5 $1 (23. Rad1 Rxf7 24. exf7 Qf5) 23... b6 24. Rad1 Rf5 25.
Bf3 Qg8 26. Be4 Rg5 {HarZvi: white advantage is very big,now he should put a
rook on h3 put preasure on h7 and then try to break with g3,it is very simple
plan} 27. Rd3 Bf6 28. Rh3 Ng6 29. Qf3 Rb7 30. Rh5 {HarZvi: h5 will be
afantastic place for the queen} Rxh5 31. Qxh5 Rg7 32. g3 $18 Ne7 33. Kh1 Qf8
34. Rg1 {HarZvi: the threat gxf4 then Rxg7 and Bxf6} Ng8 {defending f6} 35. Qf3
Bg5 36. h4 Bf6 37. Rg2 Qe7 38. Qh5 fxg3 39. fxg3 Qf8 40. Rf2 Qd8 41. g4 Be7 42.
g5 c4 43. Rf7 Qe8 44. Qxh7+ (44. Qxh7+ {HarZvi} Rxh7 45. Rxh7#) 1-0

[Event "Olympiad-32"]
[Site "Yerevan"]
[Date "1996.09.20"]
[Round "5.1"]
[White "Ye, Jiangchuan"]
[Black "Kramnik, Vladimir"]
[Result "1/2-1/2"]
[WhiteElo "2540"]
[BlackElo "2765"]
[Annotator "Makarichev,S"]
[PlyCount "62"]
[EventDate "1996.09.15"]
[EventType "team-swiss"]
[EventRounds "14"]
[EventCountry "ARM"]
[SourceTitle "CBM 055"]
[Source "ChessBase"]
[SourceDate "1996.12.01"]
[SourceVersion "1"]
[SourceVersionDate "1996.12.01"]
[SourceQuality "1"]
[WhiteTeam "China"]
[BlackTeam "Russia"]
[WhiteTeamCountry "CHN"]
[BlackTeamCountry "RUS"]

1. e4 c5 2. Nf3 Nc6 3. d4 cxd4 4. Nxd4 Nf6 5. Nc3 d6 6. Bg5 e6 7. Qd2 a6 8.
O-O-O h6 9. Be3 Be7 10. f4 Nxd4 11. Bxd4 b5 12. Kb1 Bb7 13. Bd3 O-O 14. e5 dxe5
15. fxe5 Nd7 16. Ne4 Bxe4 17. Bxe4 Rc8 18. c3 $5 (18. Qe2 Qc7 19. h4 $40 {
Cseshkovsky,V-Kiselev,S/Kazan(RUS-tch/1995/}) 18... Qc7 19. Qe2 Rfd8 20. Rhf1
Bc5 21. g4 $1 Nf8 22. g5 $1 hxg5 23. Qh5 Qa7 $1 (23... Qe7 24. Rf3 Bxd4 25.
cxd4 Rc4 26. Rh3 (26. Bh7+ $6 Nxh7 27. Rh3 f5 28. Qxh7+ Kf7 $13) 26... f5 27.
exf6 gxf6 (27... Qxf6 $2 28. Qh8+ Kf7 29. Rf3 $18) 28. Qh8+ Kf7 29. Rf1 Rcxd4 (
29... Ke8 30. Rxf6 $18) 30. Bg6+ $3 Kxg6 (30... Nxg6 31. Rh7#) 31. Rh6+ Kf7 32.
Rhxf6+ Ke8 33. Rxf8+ Kd7 34. Qxd4+) 24. Rd3 $1 g6 (24... Bxd4 $2 25. Rh3 f5 26.
Bxf5 $1 exf5 27. Rxf5 $18) 25. Qxg5 Bxd4 26. Rh3 (26. cxd4 $5 Rxd4 27. Rh3 (27.
Qe3 $2 Rcd8 28. Rfd1 Rxd3 $1) 27... Qd7 (27... Rxe4 28. Qh6 f5 29. Qh8+ Kf7 30.
Rh7+ $18) 28. a3 Rxe4 29. Qh6 f5 30. exf6 $18) 26... Bxe5 27. Qxe5 Nh7 28. Bxg6
fxg6 29. Qxe6+ Kg7 30. Qe5+ Kg8 31. Qe6+ Kg7 1/2-1/2

[Event "Las Palmas"]
[Site "Las Palmas"]
[Date "1996.12.10"]
[Round "2"]
[White "Kramnik, Vladimir"]
[Black "Topalov, Veselin"]
[Result "1/2-1/2"]
[WhiteElo "2765"]
[BlackElo "2750"]
[Annotator "Kramnik,V"]
[PlyCount "160"]
[EventDate "1996.12.08"]
[EventType "tourn"]
[EventRounds "10"]
[EventCountry "ESP"]
[EventCategory "21"]
[SourceTitle "CBM 057"]
[Source "ChessBase"]
[SourceDate "1997.04.01"]
[SourceVersion "1"]
[SourceVersionDate "1997.04.01"]
[SourceQuality "1"]

1. Nf3 {Dolmatov Shamkovich} Nf6 2. c4 g6 3. Nc3 Bg7 4. e4 d6 5. d4 O-O 6. Be2
e5 7. O-O Nc6 8. d5 Ne7 9. b4 a5 (9... Nh5 {Dolmatov} 10. Re1 Nf4 11. Bf1 $14)
10. Ba3 axb4 11. Bxb4 Nd7 (11... b6 12. a4 Ne8 13. Nb5 f5 14. Ng5 $6 Bh6 15.
Ne6 Bxe6 16. dxe6 fxe4 17. Bd2 Bxd2 18. Qxd2 c6 19. Nc3 Nf6 {Black is better,
D. Gurevich-T. Shaked/1996 U.S. Closed 1996}) 12. a4 Bh6 13. a5 (13. Nd2 f5 14.
Nb3 b6 15. a5 Nc5 16. exf5 gxf5 17. Nb5 Ng6 18. Re1 e4 {with mutual chances,
Sokolov,I-Gelfand,B/Koop Tjuchem, Groningen NED 1996}) 13... f5 14. Nd2 Kh8 15.
Bd3 (15. Bf3 Ra6 $5 16. Re1 b6 17. Nb5 Nc5 18. axb6 cxb6 19. Qc2 {White is
slightly better, Bareev,E-Georgiev,V/32nd Chess Olympiad Yerevan ARM 1996})
15... Rf6 (15... Ng8 {Dolmatov} 16. Na4 Qe7) (15... Nb8 $5 {Dolmatov}) (15...
b6 {Dolmatov} 16. axb6 Rxa1 17. Qxa1 Bxd2 $2 18. bxc7 Qxc7 19. Nb5 $16) 16. Na4
Rf7 17. c5 dxc5 18. Bc3 $1 {The big diagonal is more important than c-pawn. If}
(18. Nxc5 Nxc5 19. Bxc5 fxe4 20. Bxe7 (20. Bxe4 {Dolmatov} Bf5 $5 (20... Nxd5
$6 21. Nc4 c6 22. Nxe5 Rf4 23. Re1 Bg7 $14) 21. Bxf5 Rxf5 $10) 20... Qxe7 21.
Nxe4 {Black is no worse}) 18... fxe4 (18... Bg7 {Dolmatov} 19. Nc4 b5 20. axb6
cxb6 21. Nd6 $16) 19. Bxe4 Nf5 20. Nc4 Bg7 (20... Nd6 $5 {Dolmatov} 21. Nxe5
Nxe5 22. Bxe5+ Bg7 23. Bxg7+ Rxg7 24. Nxc5 b6 25. Ne6 (25. axb6 Rxa1 26. Qxa1
cxb6 27. Ne6 Bxe6 28. dxe6 Nxe4 29. Rd1 Qf8) 25... Bxe6 26. dxe6 Nxe4 27. axb6
cxb6 28. Re1 Nc3 29. Qf3 $40) 21. Bxf5 $1 (21. d6 $5 {Dolmatov} Nd4 22. dxc7
Qxc7 23. Re1 Ra6 $13) 21... Rxf5 22. d6 Rb8 (22... b5 $6 {Dolmatov} 23. dxc7
Qxc7 24. Nab6 Nxb6 25. axb6 Rxa1 26. Qxa1 Qe7 27. Qa7 Rf7 28. Qxe7 Rxe7 29. Rd1
$16) (22... Qh4 {Dolmatov} 23. Qd3 $36) 23. dxc7 (23. Rb1 $6 {Dolmatov} b5 24.
dxc7 Qxc7 25. Nd6 bxa4 26. Nxf5 gxf5 27. Rxb8 Qxb8 28. Qxa4) 23... Qxc7 24. Qd6
Qxd6 25. Nxd6 Rf8 26. Rfd1 {Despite Black is a pawn up, White stays better due
to the numerous weaknesses in Black's position. So Topalov decides to create
counterplay at any cost} (26. Rab1 $5 {Dolmatov} Rf4 27. Nb2 b5 28. axb6 Nxb6
29. Nbc4 Nxc4 30. Rxb8 Nxd6 31. Rd1 Rd4 32. Bxd4 exd4 33. Rc1 $16) 26... b5 $5
27. axb6 (27. Nxc8 $5 {Dolmatov} Rfxc8 28. Rxd7 bxa4 29. f4 $5 (29. Rxg7 Kxg7
30. Bxe5+ Kf7 31. Bxb8 Rxb8 32. Kf1 c4 33. Ke2 Rd8 34. Rxa4 c3 35. Rc4 Rd2+ 36.
Ke3 Ra2 37. Rc7+ Kg8 38. Ra7) 29... Rb3 30. Bxe5 Bxe5 31. fxe5 c4 32. e6 $16)
27... Nxb6 28. Nxc5 Bg4 29. f3 Nd7 $1 30. Na6 $1 Rb3 31. Rac1 Be6 32. Nc7 (32.
Ne4 {Dolmatov} Rb6 33. Nc7 Nf6) 32... Bf7 33. Ne4 Nb8 (33... Nf6 {Dolmatov} 34.
Ng5 (34. Bxe5 $6 Nxe4 35. Bxg7+ Kxg7 36. fxe4 Re3 37. Re1 Rxe1+ 38. Rxe1 Rc8
$14)) 34. Ng5 Nc6 35. Rd7 Be8 (35... Kg8 {Dolmatov} 36. Nce6 Bxe6 37. Nxe6 Rf7
38. Rd6 $16) 36. Rxg7 $6 {It looks like better was} (36. Nxe8 Rxe8 37. Rc7 Nd4
38. Kf2) (36. Rd6 {Dolmatov} Nd4 37. Bxd4 exd4 38. Nge6 Rg8 39. Nxg7 Kxg7 40.
Ne6+ Kh8 41. Rc7) 36... Kxg7 37. Nce6+ Kg8 38. Nxf8 Kxf8 39. Nxh7+ Ke7 {
White has an extra pawn and tries to convert the advantage into a victory, but
this is not an easy task.} 40. Ng5 Bd7 41. Bd2 (41. Kf2 {Dolmatov} Bf5 42. Bd2
Nd4) 41... Rb2 42. Ne4 Nd4 43. Re1 (43. Rc7 {Dolmatov} Rb1+ (43... Ke6 44. h4
$5 (44. Nc5+ $6 Kd6 45. Rxd7+ Kxc5 46. Be3 Kc6 47. Rg7 Rb1+ 48. Kf2 Rb2+ $10))
44. Kf2 Rb2 45. h3 $5) 43... Bc6 44. Bg5+ Ke6 45. Nd2 Nc2 46. Rc1 Nd4 47. Re1
Nc2 48. Rd1 Nd4 49. h4 Ne2+ (49... Kd5 {Dolmatov} 50. Kh2) 50. Kh2 Nd4 51. Kh3
Kd5 52. Re1 Ra2 53. Ne4 Rc2 54. Ra1 Bd7+ 55. Kg3 Bb5 (55... Nf5+ {Dolmatov} 56.
Kh2 Nd4 57. Nf6+ Kd6 58. Ra6+ Bc6 59. Kh3 $14) 56. Ra8 Bf1 57. Rd8+ Ke6 58. Bd2
(58. Nd2 $6 {Dolmatov} Bd3 59. Re8+ Kd5) 58... Bd3 (58... Ke7 {Dolmatov} 59.
Rg8 Kf7) 59. Re8+ Kf7 60. Nd6+ Kg7 61. Re7+ Kf8 62. Bg5 Bf1 {Black's
counterplay is quite sufficient for a draw} 63. Rxe5 Rxg2+ 64. Kf4 Re2 65. Ne4
Bg2 66. Be7+ $2 (66. Bh6+ $1 {Dolmatov Fritz} Kf7 (66... Kg8 67. Re7 $16 (67.
Re8+ Kh7 68. Bf8 Rxe4+ 69. fxe4 $18)) 67. Rd5 $3 Nf5 (67... Ne6+ 68. Kg3 Rxe4 (
68... Nf8 69. Nf2 Bf1 70. Rd1 $18) 69. fxe4 Bxe4 70. Ra5 $18) 68. Rd7+ Ne7 $8
69. Bg5) 66... Kf7 67. Bc5 Ne6+ 68. Kg3 Bf1 69. Bf2 Ng7 70. Kg4 Ne6 71. Rd5 Rc2
72. Rd7+ Ke8 73. Nf6+ Kf8 74. Bg3 (74. Be3 {Dolmatov} Rg2+) 74... Rc4+ 75. Ne4
Ke8 76. Ra7 Bd3 77. Bd6 Bxe4 78. fxe4 Rxe4+ 79. Kf3 Re1 80. Kf2 Re4 1/2-1/2

[Event "Las Palmas"]
[Site "Las Palmas"]
[Date "1996.12.11"]
[Round "3"]
[White "Kasparov, Garry"]
[Black "Kramnik, Vladimir"]
[Result "1/2-1/2"]
[WhiteElo "2785"]
[BlackElo "2765"]
[Annotator "Kramnik,V"]
[PlyCount "38"]
[EventDate "1996.12.08"]
[EventType "tourn"]
[EventRounds "10"]
[EventCountry "ESP"]
[EventCategory "21"]
[SourceTitle "CBM 057"]
[Source "ChessBase"]
[SourceDate "1997.04.01"]
[SourceVersion "1"]
[SourceVersionDate "1997.04.01"]
[SourceQuality "1"]

1. d4 {Shamkovich} Nf6 2. c4 g6 3. Nc3 Bg7 4. e4 d6 5. h3 {This continuation
is becoming more and more popular} O-O 6. Bg5 Na6 7. Bd3 e5 8. d5 c6 9. Nge2
Nc5 ({Another plan begins with} 9... h6 10. Be3 Bd7 11. Qd2 Kh7 12. O-O Nh5 13.
Ng3 Nf4 14. Bxf4 exf4 15. Qxf4 Be5 {Black has a compensation for sacrificed
pawn, Jovanovic,S-Watanabe,A/FSIM March Budapest HUN 1996}) (9... Qb6 $6 {
unlucky innovation} 10. Na4 Qa5+ 11. Bd2 Qd8 12. Bg5 h6 13. Be3 Nh5 14. Qd2 Kh7
15. Nac3 Nb4 16. Bb1 cxd5 17. cxd5 a5 18. g4 $1 {White has better chances in
the midgame, Avrukh,B-Herraiz Hidalgo,H/XII WYCF b18, Cala Galdana ESP 1996})
10. Bc2 cxd5 11. cxd5 a5 12. O-O Bd7 13. a3 a4 $5 14. Qd2 Qb6 15. Rab1 Rfc8 16.
Ng3 Qd8 ({If} 16... Rc7 17. Be3 {the pin is unpleasant}) 17. Bh6 Bxh6 18. Qxh6
Qf8 19. Qe3 Be8 1/2-1/2